[Event "Mostoles Bicentenary op"]
[Site "Mostoles"]
[Date "2008.05.20"]
[Round "1"]
[White "Garcia Diaz, Victor Manuel"]
[Black "Argumanez Avendano, Juan Antonio"]
[Result "1-0"]
[WhiteElo "2088"]
[BlackElo "1774"]
[PlyCount "99"]
[EventDate "2008.05.20"]
[EventType "swiss"]
[EventRounds "9"]
[EventCountry "ESP"]
[SourceTitle "CBM 124 Extra"]
[Source "ChessBase"]
[SourceDate "2008.07.03"]
[SourceVersion "1"]
[SourceVersionDate "2008.07.03"]
[SourceQuality "1"]

1. e4 c5 2. c3 e6 3. d4 d5 4. e5 Nc6 5. Nf3 Qb6 6. Bd3 Bd7 7. 0-0 cxd4 8. cxd4 Nge7 9. Nbd2 Nf5 10. Bxf5 exf5 11. Nb3 Be7 12. Be3 0-0 13. Nc5 Bxc5 14. dxc5 Qc7 15. Qxd5 Be6 16. Qd6 Rac8 17. Qxc7 Rxc7 18. a3 h6 19. Rfd1 a6 20. b4 Rd8 21. Rxd8+ Nxd8 22. Rd1 Nc6 23. h4 Kf8 24. Rb1 Rd7 25. a4 Ne7 26. b5 axb5 27. axb5 Ke8 28. Nd4 f4 29. c6 bxc6 30. bxc6 Rc7 31. Rb8+ Rc8 32. Rxc8+ Bxc8 33. Bxf4 Be6 34. Bd2 Nf5 35. Nxe6 fxe6 36. g3 Nd4 37. c7 Kd7 38. Ba5 Nb5 39. Kg2 Nxc7 40. Bxc7 Kxc7 41. Kf3 Kd7 42. h5 Ke7 43. Ke4 Kf7 44. f4 g6 45. hxg6+ Kxg6 46. g4 Kg7 47. f5 exf5+ 48. gxf5 Kf7 49. Kf4 Ke7 50. Kg4 1-0

[Event "Parla op 22nd"]
[Site "Parla"]
[Date "2007.09.07"]
[Round "7"]
[White "Garcia Diaz, Victor Manuel"]
[Black "Ortiz Suarez, Isan Reynaldo"]
[Result "0-1"]
[WhiteElo "2086"]
[BlackElo "2390"]
[PlyCount "126"]
[EventDate "2007.09.01"]
[EventType "swiss"]
[EventRounds "9"]
[EventCountry "ESP"]
[SourceTitle "CBM 120 Extra"]
[Source "ChessBase"]
[SourceDate "2007.11.01"]
[SourceVersion "1"]
[SourceVersionDate "2007.11.01"]
[SourceQuality "1"]

1. e4 c5 2. c3 Nf6 3. e5 Nd5 4. d4 cxd4 5. Qxd4 e6 6. Bc4 Nc6 7. Qe4 f5 8. Qe2 Nb6 9. Bb3 Be7 10. Nf3 0-0 11. 0-0 Na5 12. Bc2 d5 13. exd6 Bxd6 14. b4 Nac4 15. Bb3 Qc7 16. Nbd2 Ne5 17. Bb2 Kh8 18. c4 Nxf3+ 19. Nxf3 Bxb4 20. Rad1 Qe7 21. Ne5 Nd7 22. Rd3 Nf6 23. Rfd1 Bc5 24. Rh3 Kg8 25. Nd3 b6 26. Nxc5 bxc5 27. Be5 Rd8 28. Rxd8+ Qxd8 29. Rd3 Qe7 30. Bd6 Qe8 31. Bxc5 Bb7 32. Bd4 Qc6 33. f3 Nd7 34. Qb2 Re8 35. Bxg7 e5 36. Rxd7 Qxd7 37. Bxe5 Qd3 38. c5+ Bd5 39. f4 Bxb3 40. Qxb3+ Qxb3 41. axb3 Rc8 42. Bd6 Kf7 43. Kf2 Ke6 44. Ke3 Kd5 45. h3 h5 46. Kf3 Rg8 47. Kf2 a6 48. Kf3 h4 49. Kf2 Rg3 50. b4 Rb3 51. Be7 Rxb4 52. Bxh4 Rxf4+ 53. Kg3 Re4 54. Bf6 Kxc5 55. h4 Kd5 56. h5 Ke6 57. Bb2 Kf7 58. h6 Kg6 59. Bg7 a5 60. Kh3 a4 61. Kg3 a3 62. Kh3 a2 63. Kg3 Re1 0-1